Hipertrofiás kardiomiopátia, - MRI diagnosztika, esetismertetés.

Elmentve itt :
Bibliográfiai részletek
Szerzők: Simor Tamás
Tóth Levente
Sepp Róbert
Csanády Miklós
Papp Lajos
Repa Imre
Dokumentumtípus: Cikk
Megjelent: 2003
Sorozat:CARDIOLOGIA HUNGARICA 33 No. 2
Tárgyszavak:
mtmt:1359303
Online Access:http://publicatio.bibl.u-szeged.hu/31034
LEADER 00823nab a2200253 i 4500
001 publ31034
005 20241128123509.0
008 241128s2003 hu o 000 hun d
022 |a 0133-5596; 1588-0230 
024 7 |a 1359303  |2 mtmt 
040 |a SZTE Publicatio Repozitórium  |b hun 
041 |a hun 
100 1 |a Simor Tamás 
245 1 0 |a Hipertrofiás kardiomiopátia, - MRI diagnosztika, esetismertetés.  |h [elektronikus dokumentum] /  |c  Simor Tamás 
260 |c 2003 
300 |a 117-118 
490 0 |a CARDIOLOGIA HUNGARICA  |v 33 No. 2 
650 4 |a Klinikai orvostan 
700 0 1 |a Tóth Levente  |e aut 
700 0 1 |a Sepp Róbert  |e aut 
700 0 1 |a Csanády Miklós  |e aut 
700 0 1 |a Papp Lajos  |e aut 
700 0 1 |a Repa Imre  |e aut 
856 4 0 |u http://publicatio.bibl.u-szeged.hu/31034/1/aok_klny_524_03.pdf  |z Dokumentum-elérés